Bio-based Eutectic PCM-Enhanced Clay Bricks for Passive Thermal Regulation in Extreme Heat Conditions (Record no. 615588)

000 -LEADER
fixed length control field 00509nam a22001577a 4500
082 ## - DEWEY DECIMAL CLASSIFICATION NUMBER
Classification number 621.41
Author Mark RIA
100 ## - MAIN ENTRY--PERSONAL NAME
Personal name Riaz, Rimsha (402825)
245 ## - TITLE STATEMENT
Title Bio-based Eutectic PCM-Enhanced Clay Bricks for Passive Thermal Regulation in Extreme Heat Conditions
264 ## - PRODUCTION, PUBLICATION, DISTRIBUTION, MANUFACTURE, AND COPYRIGHT NOTICE
Place of production, publication, distribution, manufacture Islamabad :
Name of producer, publisher, distributor, manufacturer USPCAS-E, NUST
Date of production, publication, distribution, manufacture, or copyright notice October, 2025
300 ## - PHYSICAL DESCRIPTION
Extent xiv, 69 p.
Accompanying material +CD
520 ## - SUMMARY, ETC.
Summary, etc. TH-693
650 ## - SUBJECT ADDED ENTRY--TOPICAL TERM
Topical term or geographic name entry element MS TEE Thesis
650 ## - SUBJECT ADDED ENTRY--TOPICAL TERM
Topical term or geographic name entry element MS Thesis
700 ## - ADDED ENTRY--PERSONAL NAME
Personal name Supervisor: Dr. Majid Ali
942 ## - ADDED ENTRY ELEMENTS (KOHA)
Source of classification or shelving scheme
Koha item type Thesis
Holdings
Withdrawn status Permanent Location Current Location Date acquired Full call number Barcode Koha item type
  US-Pakistan Center for Advanced Studies in Energy (USPCAS-E) US-Pakistan Center for Advanced Studies in Energy (USPCAS-E) 12/17/2025 621.41 RIA CAS-ETH0000693 Thesis
© 2023 Central Library, National University of Sciences and Technology. All Rights Reserved.